[Event "Ste-Foy 2"]
[Site "Quebec CAN"]
[Date "2023.01.30"]
[Round "3"]
[White "Belanger, Mathieu-Olivier"]
[Black "Potvin, Alain-Nicolas"]
[Result "1-0"]
[WhiteElo "1972"]
[BlackElo "1715"]
[PlyCount "59"]
[EventDate "2023.01.16"]
[EventType "swiss"]
[EventRounds "5"]
[EventCountry "CAN"]

1. e4 d6 2. d4 g6 3. Nf3 Bg7 4. Bd3 Nf6 5. O-O O-O 6. Re1 Nfd7 7. e5 c5 8. Bg5
dxe5 9. c3 f6 10. Bh4 cxd4 11. cxd4 Nc6 12. d5 Nb4 13. Nc3 Nxd3 14. Qxd3 Nb6
15. Rad1 Bf5 16. Qb5 Qd6 17. h3 Bd7 18. Qb3 Kh8 19. Rd3 Rac8 20. Ne4 Qb8 21. d6
e6 22. Nc3 Rc5 23. Qd1 Rfc8 24. Ne4 Rd5 25. Nxf6 Bxf6 26. Bxf6+ Kg8 27. Bxe5
Bc6 28. d7 Rxe5 29. dxc8=Q+ Nxc8 30. Nxe5 1-0

[Event "Ste-Foy 2"]
[Site "Quebec CAN"]
[Date "2023.01.30"]
[Round "3"]
[White "Fahmi, Adam"]
[Black "Berube, Antoine"]
[Result "0-1"]
[WhiteElo "1584"]
[BlackElo "2166"]
[PlyCount "72"]
[EventDate "2023.01.16"]
[EventType "swiss"]
[EventRounds "5"]
[EventCountry "CAN"]

1. d4 d5 2. c4 e6 3. Nc3 c6 4. Nf3 dxc4 5. g3 b5 6. Bg2 Bb7 7. O-O Nf6 8. Ne5
a6 9. a4 Qc8 10. Bg5 Be7 11. Qc2 h6 12. Bxf6 gxf6 13. Nf3 f5 14. e4 fxe4 15.
Qxe4 Nd7 16. Ne5 Nxe5 17. Qxe5 O-O 18. Rae1 c5 19. Bxb7 Qxb7 20. Re4 Kh7 21.
axb5 axb5 22. dxc5 b4 23. Rg4 Rg8 24. Rxg8 Rxg8 25. Qe4+ Qxe4 26. Nxe4 Rc8 27.
Kg2 f5 28. Nd2 Rxc5 29. Rc1 c3 30. bxc3 Rxc3 31. Rb1 Kg6 32. Nf3 Kf6 33. Nd4 e5
34. Ne2 Rc2 35. Nc1 e4 36. Ra1 Bc5 0-1

[Event "Ste-Foy 2"]
[Site "Quebec CAN"]
[Date "2023.01.30"]
[Round "3"]
[White "Laflamme, Simon"]
[Black "Tremblay, Charles"]
[Result "1/2-1/2"]
[WhiteElo "1927"]
[BlackElo "1561"]
[PlyCount "49"]
[EventDate "2023.01.16"]
[EventType "swiss"]
[EventRounds "5"]
[EventCountry "CAN"]

1. e4 c5 2. Nf3 Nc6 3. d4 cxd4 4. Nxd4 Nf6 5. Nc3 e5 6. Ndb5 d6 7. Bg5 Be7 8.
Bxf6 gxf6 9. Nd5 O-O 10. Nbc7 Rb8 11. c3 f5 12. Bd3 f4 13. Qh5 Kh8 14. g3 Qd7
15. gxf4 Qh3 16. Qxh3 Bxh3 17. Nxe7 Nxe7 18. fxe5 dxe5 19. Rg1 Rbc8 20. Nd5 Ng6
21. O-O-O Be6 22. Rde1 Rfd8 23. c4 Bxd5 24. exd5 Rxd5 25. Bxg6 1/2-1/2

[Event "Ste-Foy 2"]
[Site "Quebec CAN"]
[Date "2023.01.30"]
[Round "3"]
[White "Oliver, Vance"]
[Black "Fleury, Dominic"]
[Result "1-0"]
[WhiteElo "1607"]
[BlackElo "1492"]
[PlyCount "63"]
[EventDate "2023.01.16"]
[EventType "swiss"]
[EventRounds "5"]
[EventCountry "CAN"]

1. e4 c6 2. d4 d5 3. e5 f6 4. Bd3 fxe5 5. Qh5+ g6 6. Bxg6+ hxg6 7. Qxh8 Nf6 8.
Nf3 exd4 9. Ne5 Bf5 10. Bh6 Nbd7 11. Nxd7 Kxd7 12. c3 d3 13. Nd2 Bxh6 14. Qxh6
Qb6 15. O-O Re8 16. Nf3 Ne4 17. Ne5+ Ke6 18. Nxd3 Nf6 19. Rae1+ Kd6 20. Qf4+
Kd7 21. Ne5+ Kc8 22. Qb4 Qc7 23. Re3 Rh8 24. h3 Ne4 25. Qd4 b6 26. Nxc6 Rh4 27.
Qxd5 Qf4 28. Nxe7+ Kb8 29. Nc6+ Kc7 30. Nxa7 Nxf2 31. Re7+ Kb8 32. Qd8+ 1-0

[Event "Ste-Foy 2"]
[Site "Quebec CAN"]
[Date "2023.01.30"]
[Round "3"]
[White "Renzo, Alain"]
[Black "Ben Afia, Achraf"]
[Result "0-1"]
[WhiteElo "1403"]
[BlackElo "1404"]
[PlyCount "88"]
[EventDate "2023.01.16"]
[EventType "swiss"]
[EventRounds "5"]
[EventCountry "CAN"]

1. e4 c6 2. Nc3 d5 3. exd5 cxd5 4. d4 Bf5 5. Nf3 e6 6. Bd3 Bxd3 7. Qxd3 Nc6 8.
Bf4 Nf6 9. a3 Be7 10. Qb5 Qd7 11. O-O a6 12. Qd3 O-O 13. Ne5 Nxe5 14. Bxe5 Ne8
15. Qg3 Bd6 16. f4 f6 17. Bxd6 Nxd6 18. b3 Rac8 19. Qd3 Qc6 20. Rf3 Rf7 21. Re1
Nf5 22. Re2 Rfc7 23. Qd2 Qd6 24. Qe1 Nxd4 25. Rxe6 Qxe6 26. Qxe6+ Nxe6 27. Nxd5
Rd7 28. c4 Nc7 29. Rd3 Nxd5 30. Rxd5 Rxd5 31. cxd5 Rd8 32. Kf2 Rxd5 33. Ke3 Kf7
34. Ke4 Rd2 35. g4 Rxh2 36. Kd5 Rc2 37. Kd4 Ke6 38. f5+ Kd6 39. Kd3 Rg2 40. Kc4
Rxg4+ 41. Kc3 b5 42. b4 h5 43. Kb3 h4 44. a4 h3 0-1

[Event "Ste-Foy 2"]
[Site "Quebec CAN"]
[Date "2023.01.30"]
[Round "3"]
[White "Servant, Michel"]
[Black "Mercure, Gilbert"]
[Result "1-0"]
[WhiteElo "1641"]
[BlackElo "1855"]
[PlyCount "21"]
[EventDate "2023.01.16"]
[EventType "swiss"]
[EventRounds "5"]
[EventCountry "CAN"]

1. c4 d5 2. cxd5 Qxd5 3. Nc3 Qa5 4. Nf3 e5 5. Qc2 Nc6 6. a3 Nh6 7. Rb1 Bf5 8.
d3 O-O-O 9. b4 Qb6 10. Na4 Nd4 11. Nxb6+ 1-0

[Event "Ste-Foy 2"]
[Site "Quebec CAN"]
[Date "2023.01.30"]
[Round "3"]
[White "Vaillant, Charles-Etienne"]
[Black "Sarra-Bournet, Marc"]
[Result "1-0"]
[WhiteElo "1470"]
[BlackElo "1726"]
[PlyCount "61"]
[EventDate "2023.01.16"]
[EventType "swiss"]
[EventRounds "5"]
[EventCountry "CAN"]

1. d4 d5 2. c4 e6 3. Nc3 Nf6 4. cxd5 exd5 5. Bg5 Nbd7 6. e3 Be7 7. Bd3 O-O 8.
Qc2 c6 9. Nge2 Re8 10. O-O Nf8 11. f3 h6 12. Bh4 Qd7 13. Bf2 Bd6 14. e4 dxe4
15. fxe4 Ng4 16. e5 Nxf2 17. Rxf2 Bc7 18. Raf1 Re7 19. Bc4 Ne6 20. Kh1 Nxd4 21.
Nxd4 Qxd4 22. Bxf7+ Rxf7 23. Rxf7 Qd8 24. Qb3 Kh7 25. Rf8 Qe7 26. Qg8+ Kg6 27.
Rxc8 Rxc8 28. Qxc8 Qxe5 29. Qg4+ Kh7 30. Qf5+ Kg8 31. Qxe5 1-0

[Event "Ste-Foy 2"]
[Site "Quebec CAN"]
[Date "2023.02.06"]
[Round "4"]
[White "Belanger, Mathieu-Olivier"]
[Black "Servant, Michel"]
[Result "1-0"]
[WhiteElo "1972"]
[BlackElo "1641"]
[PlyCount "51"]
[EventDate "2023.01.16"]
[EventType "swiss"]
[EventRounds "5"]
[EventCountry "CAN"]

1. e4 c5 2. Nf3 d6 3. c3 Nf6 4. Be2 Nc6 5. d4 e6 6. d5 exd5 7. exd5 Ne7 8. c4
g6 9. O-O Bg7 10. Re1 O-O 11. Nc3 h6 12. Bd3 Re8 13. Bf4 Nh5 14. Bxd6 Bxc3 15.
Bxe7 Rxe7 16. bxc3 Bg4 17. Re3 Rxe3 18. fxe3 Qf6 19. Qd2 Re8 20. Rf1 Qe7 21. e4
Kg7 22. Bc2 g5 23. g3 Bh3 24. Re1 g4 25. Nh4 Kh7 26. e5+ 1-0

[Event "Ste-Foy 2"]
[Site "Quebec CAN"]
[Date "2023.02.06"]
[Round "4"]
[White "Ben Afia, Achraf"]
[Black "Mercure, Gilbert"]
[Result "0-1"]
[WhiteElo "1404"]
[BlackElo "1855"]
[PlyCount "122"]
[EventDate "2023.01.16"]
[EventType "swiss"]
[EventRounds "5"]
[EventCountry "CAN"]

1. e4 d5 2. exd5 Nf6 3. Bb5+ Nbd7 4. d4 a6 5. Be2 Nxd5 6. Nf3 e6 7. c4 Bb4+ 8.
Bd2 Bxd2+ 9. Qxd2 N5f6 10. Nc3 O-O 11. O-O c6 12. Rad1 b5 13. a3 Bb7 14. c5 Qc7
15. Bd3 e5 16. Bb1 Rad8 17. Qc2 Rfe8 18. Rfe1 exd4 19. Rxe8+ Rxe8 20. Ne2 Ne5
21. Nexd4 Nxf3+ 22. Nxf3 Bc8 23. h3 Qf4 24. Qd2 Qxd2 25. Rxd2 Nd5 26. Ng5 Re1+
27. Kh2 Rxb1 28. Re2 Bd7 29. g4 h6 30. Ne4 f5 31. gxf5 Bxf5 32. Nd6 Bd7 33. Kg3
Rg1+ 34. Kh2 Rc1 35. Ne4 Bxh3 36. Nd6 Bd7 37. b4 Rc3 38. Ra2 Be6 39. Re2 Rh3+
40. Kg1 Nf4 41. Re4 Bd5 42. Re8+ Kh7 43. f3 Rxf3 44. Re7 Nh3+ 45. Kh2 Ng5 46.
Ne8 Rf7 47. Re2 Nf3+ 48. Kg3 Nd4 49. Re1 Rf3+ 50. Kh2 Bf7 51. Nd6 Rf6 52. Re7
Kg6 53. Ne4 Re6 54. Rxe6+ Bxe6 55. Nd6 Nc2 56. Ne8 Nxa3 57. Nc7 Bc8 58. Kg3 Nc2
59. Ne8 Nxb4 60. Nd6 Be6 61. Nb7 Nd3 0-1

[Event "Ste-Foy 2"]
[Site "Quebec CAN"]
[Date "2023.02.06"]
[Round "4"]
[White "Couture, Francois"]
[Black "Soucy, Mathieu"]
[Result "1-0"]
[WhiteElo "1206"]
[BlackElo "1088"]
[PlyCount "69"]
[EventDate "2023.01.16"]
[EventType "swiss"]
[EventRounds "5"]
[EventCountry "CAN"]

1. d4 d6 2. c4 c6 3. h3 Nf6 4. Nf3 Qa5+ 5. Nc3 Ne4 6. Qc2 Bf5 7. Qb3 b5 8. cxb5
Be6 9. Qa4 Qxa4 10. Nxa4 cxb5 11. Nc3 Nxc3 12. bxc3 Bc4 13. Nd2 e5 14. Nxc4
bxc4 15. e4 Nc6 16. Bxc4 exd4 17. Bb5 Rc8 18. cxd4 Be7 19. d5 O-O 20. Bxc6 Rb8
21. O-O Bf6 22. Ba3 Bxa1 23. Bxd6 Rb4 24. Bxb4 Rb8 25. Rxa1 Rxb4 26. Re1 h6 27.
h4 g6 28. d6 Kf8 29. d7 Ke7 30. Rd1 Kd8 31. Rd5 Rxe4 32. Ra5 Rc4 33. Bb5 Rc7
34. g4 a6 35. Rxa6 1-0

[Event "Ste-Foy 2"]
[Site "Quebec CAN"]
[Date "2023.02.06"]
[Round "4"]
[White "Laflamme, Simon"]
[Black "Fahmi, Adam"]
[Result "1-0"]
[WhiteElo "1927"]
[BlackElo "1584"]
[PlyCount "67"]
[EventDate "2023.01.16"]
[EventType "swiss"]
[EventRounds "5"]
[EventCountry "CAN"]

1. d4 Nf6 2. c4 e6 3. g3 d5 4. Bg2 Be7 5. Nf3 O-O 6. Qc2 dxc4 7. Qxc4 a6 8. Ne5
c5 9. dxc5 Qc7 10. Nd3 e5 11. Nc3 Be6 12. Nd5 Bxd5 13. Bxd5 Nxd5 14. Qxd5 Nc6
15. Be3 Rad8 16. Qc4 Nd4 17. Bxd4 Rxd4 18. Qc3 Rfd8 19. Rc1 Bg5 20. O-O Bxc1
21. Rxc1 e4 22. Nf4 Rd1+ 23. Rxd1 Rxd1+ 24. Kg2 g6 25. h4 h5 26. Nxg6 fxg6 27.
Qb3+ Kf8 28. Qxd1 Qxc5 29. Qd8+ Kf7 30. Qd7+ Qe7 31. Qxe7+ Kxe7 32. f3 e3 33.
f4 Ke6 34. Kf3 1-0

[Event "Ste-Foy 2"]
[Site "Quebec CAN"]
[Date "2023.02.06"]
[Round "4"]
[White "Marquis, Paul"]
[Black "Berube, Antoine"]
[Result "1/2-1/2"]
[WhiteElo "1958"]
[BlackElo "2166"]
[PlyCount "127"]
[EventDate "2023.01.16"]
[EventType "swiss"]
[EventRounds "5"]
[EventCountry "CAN"]

1. e4 c5 2. Nf3 d6 3. d4 cxd4 4. Nxd4 Nf6 5. Nc3 a6 6. Be3 e5 7. Nb3 Be7 8. f3
Be6 9. Qd2 h5 10. O-O-O Nbd7 11. h3 Rc8 12. Rg1 h4 13. Kb1 Qc7 14. Nd5 Nxd5 15.
exd5 Bf5 16. Bd3 Bxd3 17. Qxd3 g6 18. c3 Bd8 19. Rge1 Rh5 20. f4 Bf6 21. Nd2
Kf8 22. Ne4 exf4 23. Bxf4 Be5 24. Rf1 Kg7 25. Qf3 Rf5 26. Bxe5+ Nxe5 27. Qe3
Rxf1 28. Rxf1 f5 29. Ng5 Qc4 30. Ne6+ Kf7 31. Rd1 a5 32. Qb6 Qa6 33. Qxa6 bxa6
34. Rd4 Rc4 35. Kc2 Kf6 36. b3 Rxd4 37. Nxd4 g5 38. Kd2 a4 39. c4 axb3 40. axb3
a5 41. Nb5 Ke7 42. Nd4 Kf6 43. Nb5 Ke7 44. Nd4 f4 45. Nf5+ Kd7 46. Ke2 Kc7 47.
Ng7 a4 48. bxa4 Nxc4 49. Ne6+ Kb6 50. Nxg5 Ne3 51. Kf2 Nxd5 52. Nf3 Nc3 53.
Nxh4 Nxa4 54. Ng6 Kc6 55. h4 Nc5 56. Kf3 Kd7 57. Nxf4 Ke7 58. g4 Kf6 59. g5+
Kf5 60. Nd5 Nd7 61. Ne7+ Ke6 62. Ng6 Kf5 63. Ne7+ Ke6 64. Ng6 1/2-1/2

[Event "Ste-Foy 2"]
[Site "Quebec CAN"]
[Date "2023.02.06"]
[Round "4"]
[White "Roy, Jean-Denis"]
[Black "Renzo, Alain"]
[Result "0-1"]
[WhiteElo "1209"]
[BlackElo "1403"]
[PlyCount "116"]
[EventDate "2023.01.16"]
[EventType "swiss"]
[EventRounds "5"]
[EventCountry "CAN"]

1. d4 d5 2. Bf4 Nf6 3. e3 e6 4. Nd2 c5 5. c3 Bd6 6. Bg3 Bxg3 7. hxg3 c4 8. Ngf3
Nc6 9. b3 b5 10. Ne5 Nxe5 11. dxe5 Nd7 12. f4 Qb6 13. Qf3 Bb7 14. b4 a5 15. Be2
axb4 16. cxb4 d4 17. Ne4 Ke7 18. f5 Nxe5 19. f6+ Ke8 20. Nd6+ Qxd6 21. Qxb7 Rb8
22. fxg7 Rg8 23. Qe4 f5 24. Qh4 Rxg7 25. exd4 Qxb4+ 26. Kf1 Ng6 27. Bh5 Kd7 28.
Qf6 Rbg8 29. Re1 Qe7 30. Qxe7+ Nxe7 31. Re5 Nd5 32. Kf2 c3 33. Rb1 b4 34. Bf3
c2 35. Rc1 Rc8 36. Bxd5 exd5 37. Rxd5+ Ke6 38. Rc5 Rgc7 39. Rxc7 Rxc7 40. Ke3
Rc4 41. Kd3 Kd5 42. Rxc2 Rxc2 43. Kxc2 Kxd4 44. Kd2 Ke4 45. Ke2 h5 46. Kd2 f4
47. gxf4 Kxf4 48. Kc2 Kg3 49. Kb3 Kxg2 50. Kxb4 h4 51. a4 h3 52. a5 h2 53. a6
h1=Q 54. a7 Kf2 55. Kb5 Qa8 56. Kb6 Ke3 57. Ka6 Kd4 58. Kb6 Ke5 0-1

[Event "Ste-Foy 2"]
[Site "Quebec CAN"]
[Date "2023.02.06"]
[Round "4"]
[White "Tremblay, Charles"]
[Black "Fleury, Dominic"]
[Result "0-1"]
[WhiteElo "1561"]
[BlackElo "1492"]
[PlyCount "94"]
[EventDate "2023.01.16"]
[EventType "swiss"]
[EventRounds "5"]
[EventCountry "CAN"]

1. c4 c6 2. Nf3 Nf6 3. Nc3 d5 4. d4 Bg4 5. e3 e6 6. Bd3 Nbd7 7. O-O c5 8. b3 a6
9. Bb2 Bd6 10. dxc5 Nxc5 11. cxd5 Bxf3 12. gxf3 Nxd5 13. Nxd5 exd5 14. f4 O-O
15. Qg4 g6 16. Bc2 f5 17. Qf3 Ne4 18. Rad1 Bb4 19. Bxe4 fxe4 20. Qh3 Rf5 21. a3
Be7 22. Kh1 Bf6 23. Bd4 Bxd4 24. Rxd4 Qd6 25. Rg1 Raf8 26. b4 R8f7 27. Rgd1 Kf8
28. Rxe4 Qc6 29. Red4 g5 30. Qf3 gxf4 31. Rxd5 fxe3 32. Rd8+ Ke7 33. R1d7+ Qxd7
34. Rxd7+ Kxd7 35. Qxb7+ Ke6 36. Qxa6+ Kd5 37. Qd3+ Kc6 38. Qe4+ Kb5 39. Qd3+
Ka4 40. Qxe3 Rxf2 41. Kg1 R2f3 42. Qe8+ Kxa3 43. Qa8+ Kb2 44. Kg2 R3f6 45. Qh8
Kb3 46. b5 Rg6+ 47. Kh3 Rfg7 0-1

[Event "Ste-Foy 2"]
[Site "Quebec CAN"]
[Date "2023.02.06"]
[Round "4"]
[White "Vaillant, Charles-Etienne"]
[Black "Oliver, Vance"]
[Result "1-0"]
[WhiteElo "1470"]
[BlackElo "1607"]
[PlyCount "81"]
[EventDate "2023.01.16"]
[EventType "swiss"]
[EventRounds "5"]
[EventCountry "CAN"]

1. d4 Nf6 2. c4 g6 3. f3 Bg7 4. e4 d6 5. Be3 O-O 6. Ne2 Nc6 7. Nbc3 a6 8. Qd2
Rb8 9. Nc1 e5 10. d5 Nd4 11. Nb3 c5 12. dxc6 bxc6 13. Nxd4 exd4 14. Bxd4 Re8
15. O-O-O d5 16. e5 Nd7 17. e6 Nf6 18. exf7+ Kxf7 19. g4 Be6 20. g5 Nh5 21.
Bxg7 Kxg7 22. cxd5 cxd5 23. Nxd5 Bf5 24. Bc4 Qd6 25. Qd4+ Qe5 26. Qxe5+ Rxe5
27. Rhe1 Rbe8 28. Rxe5 Rxe5 29. h4 a5 30. b3 Be6 31. Kb2 Ng3 32. Nf6 Nh5 33.
Bxe6 Rxe6 34. Rd7+ Kf8 35. Rd8+ Ke7 36. Re8+ Kf7 37. Rxe6 Kxe6 38. Nxh5 gxh5
39. Kc3 Kf5 40. b4 axb4+ 41. Kxb4 1-0

[Event "Ste-Foy 2"]
[Site "Quebec CAN"]
[Date "2023.02.13"]
[Round "5"]
[White "Berube, Antoine"]
[Black "Belanger, Mathieu-Olivier"]
[Result "1-0"]
[WhiteElo "2166"]
[BlackElo "1972"]
[PlyCount "73"]
[EventDate "2023.01.16"]
[EventType "swiss"]
[EventRounds "5"]
[EventCountry "CAN"]

1. d4 Nf6 2. c4 e6 3. Nf3 d5 4. g3 Be7 5. Bg2 c6 6. O-O O-O 7. Qc2 b6 8. Nbd2
Bb7 9. e4 dxc4 10. Nxc4 c5 11. Ng5 g6 12. e5 Bxg2 13. Kxg2 Ne8 14. Nf3 cxd4 15.
Rd1 Nc6 16. Qe4 Qd5 17. Qxd5 exd5 18. Ncd2 Rd8 19. Nb3 Bc5 20. Bg5 Rd7 21. Rac1
Rc7 22. Nxc5 bxc5 23. Rxc5 Nxe5 24. Rxc7 Nxf3 25. Be7 Nxc7 26. Bxf8 Nh4+ 27.
gxh4 Kxf8 28. Rxd4 Ke7 29. h5 Kd6 30. hxg6 hxg6 31. Kf3 Nb5 32. Ra4 Kc5 33. Ke3
f5 34. Kd3 g5 35. Ra6 g4 36. a4 Nd6 37. b4+ 1-0

[Event "Ste-Foy 2"]
[Site "Quebec CAN"]
[Date "2023.02.13"]
[Round "5"]
[White "Pepin, Pierre-Luc"]
[Black "Bergeron, Nicolas"]
[Result "0-1"]
[WhiteElo "1232"]
[BlackElo "1130"]
[PlyCount "84"]
[EventDate "2023.01.16"]
[EventType "swiss"]
[EventRounds "5"]
[EventCountry "CAN"]

1. e4 e5 2. Bc4 Nf6 3. d3 Nc6 4. a3 Bc5 5. h3 h6 6. Nf3 d6 7. O-O Bb6 8. Nc3 a6
9. Re1 O-O 10. Be3 Nd4 11. Nb1 Be6 12. Bxe6 Nxf3+ 13. Qxf3 fxe6 14. Bxb6 cxb6
15. b4 b5 16. Rd1 Rc8 17. Ra2 Qe7 18. Nd2 Nd5 19. exd5 Rxf3 20. Nxf3 exd5 21.
Re1 Qf7 22. d4 e4 23. Nd2 Qf6 24. Nb3 Rf8 25. c3 Rc8 26. Rc2 Qg6 27. Re3 Rf8
28. Nc1 Rf3 29. Rxf3 exf3 30. g4 Qxc2 31. h4 Qxc1+ 32. Kh2 Qxc3 33. Kg3 Qxa3
34. Kf4 Qxb4 35. Kxf3 Qxd4 36. Ke2 b4 37. Kf3 b3 38. Ke2 b2 39. Kf3 b1=Q 40.
Kg2 Qde4+ 41. Kg3 Qg1+ 42. Kh3 Qeh1# 0-1

[Event "Ste-Foy 2"]
[Site "Quebec CAN"]
[Date "2023.02.13"]
[Round "5"]
[White "Potvin, Alain-Nicolas"]
[Black "Vaillant, Charles-Etienne"]
[Result "0-1"]
[WhiteElo "1715"]
[BlackElo "1470"]
[PlyCount "88"]
[EventDate "2023.01.16"]
[EventType "swiss"]
[EventRounds "5"]
[EventCountry "CAN"]

1. d4 d5 2. Nf3 Nf6 3. e3 Bf5 4. c4 c6 5. cxd5 cxd5 6. Nc3 e6 7. Qb3 Qb6 8.
Bb5+ Nc6 9. Ne5 Rc8 10. Bd2 Bd6 11. Rc1 Bxe5 12. dxe5 Nd7 13. Na4 Qc7 14. f4 f6
15. exf6 gxf6 16. O-O Kf7 17. Bd3 Bxd3 18. Qxd3 f5 19. Bc3 Rhg8 20. Qe2 Nf6 21.
Nc5 Qe7 22. Nd3 Rg6 23. Bb4 Qe8 24. Bd6 Qg8 25. b4 Ng4 26. Rf3 a6 27. h3 Nf6
28. a4 Nd7 29. Rf2 Ne7 30. Rxc8 Nxc8 31. Be5 Ncb6 32. b5 a5 33. Bc7 Nc4 34. Qe1
b6 35. Qc3 Rg3 36. Bxb6 Ncxb6 37. Ne5+ Nxe5 38. Qxe5 Qc8 39. Kh2 Nc4 40. Qc3
Rxe3 41. Qc1 Qc7 42. g3 Qc5 43. Rc2 Qa3 44. Rg2 Qxc1 0-1

[Event "Ste-Foy 2"]
[Site "Quebec CAN"]
[Date "2023.02.13"]
[Round "5"]
[White "Renzo, Alain"]
[Black "Couture, Francois"]
[Result "0-1"]
[WhiteElo "1403"]
[BlackElo "1206"]
[PlyCount "78"]
[EventDate "2023.01.16"]
[EventType "swiss"]
[EventRounds "5"]
[EventCountry "CAN"]

1. e4 c5 2. Nf3 e6 3. d4 cxd4 4. Nxd4 Nc6 5. Be3 a6 6. a3 Nf6 7. Bd3 d6 8. b4
Bd7 9. c4 Ne5 10. h3 Nxd3+ 11. Qxd3 b5 12. cxb5 e5 13. Nc6 Qc7 14. O-O Qb7 15.
Nd2 axb5 16. Na5 Qa6 17. Rfc1 Be7 18. Rc2 O-O 19. Rac1 Rfc8 20. Bg5 Qb6 21. Nf3
Rxc2 22. Rxc2 h6 23. Be3 Qa6 24. Nh4 Rc8 25. Rxc8+ Qxc8 26. Bd2 Qa8 27. f3 Nh5
28. Nf5 Bxf5 29. exf5 d5 30. Qxb5 Qa7+ 31. Kh2 Qd4 32. Qe2 Bg5 33. Bxg5 hxg5
34. g3 Qc3 35. Nb7 e4 36. g4 Qe5+ 37. Kg1 Nf4 38. Qh2 e3 39. Kf1 Qa1# 0-1

[Event "Ste-Foy 2"]
[Site "Quebec CAN"]
[Date "2023.02.13"]
[Round "5"]
[White "Servant, Michel"]
[Black "Marquis, Paul"]
[Result "0-1"]
[WhiteElo "1641"]
[BlackElo "1958"]
[PlyCount "114"]
[EventDate "2023.01.16"]
[EventType "swiss"]
[EventRounds "5"]
[EventCountry "CAN"]

1. c4 Nf6 2. Nf3 g6 3. g3 Bg7 4. Bg2 O-O 5. Nc3 d6 6. d4 Nc6 7. O-O a6 8. Bg5
h6 9. Be3 Ng4 10. Bc1 Rb8 11. h3 Nf6 12. b3 b5 13. cxb5 axb5 14. d5 Na5 15. b4
Nc4 16. Nd4 Bd7 17. Qd3 Ne5 18. Qc2 Qe8 19. f4 Nc4 20. Qd3 e5 21. dxe6 fxe6 22.
e4 c5 23. bxc5 dxc5 24. Nb3 Bc6 25. Rb1 Rd8 26. Qc2 Nd7 27. Ne2 e5 28. f5 gxf5
29. exf5 Bxg2 30. Kxg2 Ndb6 31. Qe4 Nd6 32. Qg4 Qc6+ 33. Kh2 Ne4 34. Be3 Nc4
35. Bxh6 Qxh6 36. Qxe4 Nd2 37. Nxd2 Rxd2 38. Rxb5 Qa6 39. Qc4+ Kh8 40. f6 Bxf6
41. Rf2 Qxa2 42. Qxa2 Rxa2 43. Rxc5 e4 44. Rcf5 Kg7 45. Nc3 Rxf2+ 46. Rxf2 Bxc3
47. Re2 Re8 48. Kg2 Kf6 49. g4 Kg5 50. Re3 Bd4 51. Re2 Kf4 52. Re1 e3 53. Rf1+
Ke4 54. Re1 Kd3 55. Rd1+ Kc3 56. Kf3 e2 57. Re1 Kd2 0-1

[Event "Ste-Foy 2"]
[Site "Quebec CAN"]
[Date "2023.02.13"]
[Round "5"]
[White "Soucy, Mathieu"]
[Black "Fridmann, Clement"]
[Result "0-1"]
[WhiteElo "1088"]
[BlackElo "1206"]
[PlyCount "27"]
[EventDate "2023.01.16"]
[EventType "swiss"]
[EventRounds "5"]
[EventCountry "CAN"]

1. d4 Nf6 2. Nc3 e6 3. Bf4 c5 4. Nf3 Nc6 5. e4 d5 6. Nb5 Qa5+ 7. c3 Rb8 8. Nc7+
Kd7 9. exd5 exd5 10. Bd3 a6 11. O-O Bd6 12. Bf5+ Kxc7 13. Ne5 Bxf5 14. Qh5 0-1

[Event "Ste-Foy 2 2023-24"]
[Site "Ste-Foy CAN"]
[Date "2023.10.23"]
[Round "1"]
[White "Berube, Antoine"]
[Black "Potvin, Alain-Nicolas"]
[Result "1-0"]
[WhiteElo "2236"]
[BlackElo "1711"]
[PlyCount "73"]
[EventDate "2023.10.23"]
[EventType "tourn"]
[EventRounds "5"]
[EventCountry "CAN"]

1. d4 g6 2. c4 Bg7 3. e4 d6 4. Nc3 Nf6 5. f3 Nfd7 6. Be3 e5 7. Nge2 exd4 8.
Nxd4 Nc6 9. Qd2 Nde5 10. Be2 O-O 11. O-O Nxd4 12. Bxd4 Be6 13. b3 Re8 14. Rad1
a6 15. Be3 Qd7 16. Bg5 Nc6 17. Be3 Rad8 18. Nd5 Bxd5 19. cxd5 Ne5 20. Rc1 c5
21. dxc6 bxc6 22. Rfd1 Qb7 23. f4 Nd7 24. Bf3 Nb8 25. Bf2 Bf8 26. h4 h5 27. Qc2
d5 28. exd5 cxd5 29. f5 Rc8 30. Qd3 Rxc1 31. Rxc1 Qb5 32. Qxb5 axb5 33. fxg6
fxg6 34. Bxd5+ Kh8 35. Bf7 Rd8 36. Bxg6 Ba3 37. Re1 1-0

[Event "Ste-Foy 2 2023-24"]
[Site "Ste-Foy CAN"]
[Date "2023.10.23"]
[Round "1"]
[White "Bourassa, Louis"]
[Black "Bergeron, Nicolas"]
[Result "0-1"]
[WhiteElo "1313"]
[BlackElo "1364"]
[PlyCount "86"]
[EventDate "2023.10.23"]
[EventType "tourn"]
[EventRounds "5"]
[EventCountry "CAN"]

1. d4 Nf6 2. Bg5 d5 3. Nd2 c5 4. c3 Nc6 5. e3 e6 6. Bd3 Be7 7. f4 c4 8. Bc2 b5
9. a3 a5 10. Ngf3 Nd7 11. Bxe7 Qxe7 12. O-O f6 13. e4 O-O 14. exd5 exd5 15. Re1
Qd6 16. Nh4 Qxf4 17. Qh5 f5 18. Nxf5 Nf6 19. Qh4 Qxd2 20. Ne3 Ne4 21. Bxe4 dxe4
22. Qxe4 Qf2+ 23. Kh1 Bb7 24. Rf1 Qxb2 25. d5 Rfe8 26. Qf5 Ne5 27. d6 Bc8 28.
Qf4 Bd7 29. Nd5 Bc6 30. Ne7+ Rxe7 31. Qg5 Ree8 32. Rae1 Qxc3 33. Re3 Nd3 34.
Rg3 Re1 35. Rgf3 Bxf3 36. gxf3 Rxf1+ 37. Kg2 Rf2+ 38. Kg3 Qe1 39. Qd5+ Kf8 40.
Qf5+ Ke8 41. d7+ Kd8 42. Qf8+ Kxd7 43. Qf7+ Kd6 0-1

[Event "Ste-Foy 2 2023-24"]
[Site "Ste-Foy CAN"]
[Date "2023.10.23"]
[Round "1"]
[White "Caire, Francois"]
[Black "Vaillant, Charles-Etienne"]
[Result "1-0"]
[WhiteElo "2220"]
[BlackElo "1768"]
[PlyCount "111"]
[EventDate "2023.10.23"]
[EventType "tourn"]
[EventRounds "5"]
[EventCountry "CAN"]

1. d4 d5 2. c4 c6 3. Nf3 Nf6 4. Nc3 dxc4 5. a4 Bf5 6. e3 e6 7. Bxc4 Bb4 8. O-O
Nbd7 9. Qe2 Bg4 10. Rd1 Qa5 11. Bd2 Qh5 12. h3 Bxf3 13. Qxf3 Qxf3 14. gxf3 e5
15. Ne2 Bxd2 16. Rxd2 O-O 17. Rad1 e4 18. Kg2 Nb6 19. Bb3 a5 20. Nc3 Rfe8 21.
d5 exf3+ 22. Kxf3 Rad8 23. dxc6 Rxd2 24. Rxd2 bxc6 25. Rc2 g6 26. Ne2 Rc8 27.
Nd4 c5 28. Nb5 Nfd7 29. Ke2 Rc6 30. Na3 Kg7 31. Nc4 Nxc4 32. Bxc4 Nb6 33. Bb5
Rc7 34. Rd2 Nc8 35. Rd8 Na7 36. Kd3 Nc6 37. Ra8 c4+ 38. Kc3 Ne5 39. Rxa5 Nd3
40. f4 Nf2 41. Bxc4 Nd1+ 42. Kd2 Nxb2 43. Bb5 Nc4+ 44. Bxc4 Rxc4 45. Kd3 Rc1
46. Rb5 Ra1 47. a5 f5 48. Kd4 Ra3 49. Kc5 Rxe3 50. a6 Rxh3 51. Ra5 Rc3+ 52. Kb6
Rb3+ 53. Rb5 Ra3 54. a7 Kh6 55. Ra5 Rb3+ 56. Ka6 1-0

[Event "Ste-Foy 2 2023-24"]
[Site "Ste-Foy CAN"]
[Date "2023.10.23"]
[Round "1"]
[White "Drolet, Stephane"]
[Black "Roy, Justin"]
[Result "1-0"]
[WhiteElo "2048"]
[BlackElo "1562"]
[PlyCount "87"]
[EventDate "2023.10.23"]
[EventType "tourn"]
[EventRounds "5"]
[EventCountry "CAN"]

1. d4 e6 2. Nf3 f5 3. g3 Nf6 4. Bg2 Be7 5. c4 O-O 6. Nc3 d6 7. Qc2 Nc6 8. e4
fxe4 9. Nxe4 d5 10. Ned2 Nb4 11. Qb3 a5 12. O-O Qe8 13. Re1 c6 14. a3 a4 15.
Qc3 Na6 16. c5 Nc7 17. b4 Qh5 18. Re5 Qe8 19. h3 Nd7 20. Re1 b6 21. cxb6 Nxb6
22. Ne5 Bb7 23. Bb2 Bf6 24. Rac1 Nb5 25. Qc5 Nd7 26. Nxd7 Qxd7 27. Re2 Rac8 28.
Rce1 Rfe8 29. h4 Ba6 30. Bh3 Nc7 31. Re3 Re7 32. Qc2 Bb5 33. Nf3 Rce8 34. Ne5
Bxe5 35. Rxe5 Rf8 36. Bc1 h6 37. Bf4 Rf6 38. R5e3 Ne8 39. Be5 Rff7 40. Qg6 Nd6
41. Bxd6 Rf6 42. Qxf6 gxf6 43. Bxe7 Qxe7 44. Rxe6 1-0

[Event "Ste-Foy 2 2023-24"]
[Site "Ste-Foy CAN"]
[Date "2023.10.23"]
[Round "1"]
[White "Fillion, Jean-Yves"]
[Black "Dionne, Frederick"]
[Result "0-1"]
[WhiteElo "1328"]
[BlackElo "1298"]
[PlyCount "54"]
[EventDate "2023.10.23"]
[EventType "tourn"]
[EventRounds "5"]
[EventCountry "CAN"]
[TimeControl "5400+30"]

1. d4 d5 2. Bf4 Nf6 3. e3 a6 4. Nf3 Bg4 5. h3 Bh5 6. c4 e6 7. a3 Bd6 8. Be2
Bxf4 9. exf4 dxc4 10. Qa4+ b5 11. Qd1 Qd6 12. Ne5 Bxe2 13. Qxe2 Qxd4 14. f5
Nbd7 15. Nf3 Qd5 16. fxe6 fxe6 17. Nc3 Qc6 18. O-O O-O 19. Rfe1 Nc5 20. Ne5 Qb6
21. Rad1 Rad8 22. Kh1 Nd5 23. Nxd5 exd5 24. Nf3 Nd3 25. Qe6+ Qxe6 26. Rxe6
Nxf2+ 27. Kh2 Nxd1 0-1